000 00452nam a2200181Ia 4500
001 15341
005 20260306170149.0
008 260306t2015||||xx |||||||||||||| ||und||
041 _aESP
082 _a532
_bP86
100 _aPritchard, Philip J.
_eAUT
245 0 _aFox and McDonald´s introduction to fluid mechanics
260 _c2015
300 _axii, 660 páginas :
_c29 cm.
650 _aGEN
654 _aCCN
942 _cLIB
_dJUS
_fJUS
_2ddc
_n
999 _c15341
_d15341